=LDR 00000nam 2200000 4500 =001 INLIS000000000027082 =005 20130612125503 =008 ***********************************Ind** =035 ##$$0010-061300000027082 =041 ##$$a Ind =082 ##$$a 350 =090 ##$$a 350, Isl p =100 ##$$a islamy, Irfan M =245 ##$$a Prinsip-prinsip perumusan kebijaksanaan negara, M. Irfan Islamy =260 ##$$a 2004 $b Jakarta =300 ##$$a x, 131 hlm, ilus, 21 cm =650 ##$$a Administrasi negara =850 ##$$a NBPNMAT